|
|
|
|
| LEADER |
00000nam2a2200000 4500 |
| 001 |
284103 |
| 005 |
20231101235649.0 |
| 010 |
|
|
|a 9785020361607
|
| 035 |
|
|
|a (RuTPU)RU\TPU\book\308242
|
| 090 |
|
|
|a 284103
|
| 100 |
|
|
|a 20150212d2012 k y0rusy50 ca
|
| 101 |
0 |
|
|a rus
|
| 102 |
|
|
|a RU
|
| 105 |
|
|
|a a z 000zy
|
| 200 |
0 |
|
|a Т. 1 : Математика: Ч. 1 : Топология. Функциональный анализ (1925-1966). Уравнения с малым параметром и асимптотические методы (1948-1985). Математическая физика (1946-1975)
|f под ред. Т. А. Сушкевича ; В. Ф. Бутузова
|
| 210 |
|
|
|d 2012
|
| 215 |
|
|
|a 639 с.
|c ил.
|
| 320 |
|
|
|a Библиография в конце глав.
|
| 330 |
|
|
|a Первый том полного собрания сочинений академика А.Н. Тихонова содержит статьи по топологии и функциональному анализу, математической физике, уравнениям с малым параметром и асимптотическим методам. Для научных работников, преподавателей, специалистов, молодых исследователей, аспирантов и студентов, специализирующихся в области математики, математической физики и прикладной математики.
|
| 461 |
|
1 |
|0 (RuTPU)RU\TPU\book\288074
|y 978-5-02-036158-4
|t Собрание научных трудов
|o в 10 т.
|f А. Н. Тихонов
|g Российская академия наук (РАН)
|v Т. 1 : Математика: Ч. 1 : Топология. Функциональный анализ (1925-1966). Уравнения с малым параметром и асимптотические методы (1948-1985). Математическая физика (1946-1975)
|d 2012-
|s Классики науки
|
| 606 |
1 |
|
|a Математика
|2 stltpush
|3 (RuTPU)RU\TPU\subj\67327
|9 83171
|
| 610 |
1 |
|
|a топология
|
| 610 |
1 |
|
|a функциональный анализ
|
| 610 |
1 |
|
|a математический анализ
|
| 610 |
1 |
|
|a асимптотические методы
|
| 610 |
1 |
|
|a уравнения с малым параметром
|
| 610 |
1 |
|
|a математическая физика
|
| 675 |
|
|
|a 51
|v 3
|
| 702 |
|
1 |
|a Сушкевич
|b Т. А.
|4 340
|
| 702 |
|
1 |
|a Бутузов
|b В. Ф.
|4 340
|
| 801 |
|
1 |
|a RU
|b 63413507
|c 20150212
|
| 801 |
|
2 |
|a RU
|b 63413507
|c 20150220
|g RCR
|
| 942 |
|
|
|c BK
|